Культура современной России, Практикум
| Autore principale: | |
|---|---|
| Altri autori: | |
| Riassunto: | Книга находится в премиум-версии платформы «Русский как иностранный». Представлены задания для аудиторной и самостоятельной работы студентов, а также материалы для самостоятельного изучения и анализа. Предназначено для бакалавров всех направлений подготовки, изучающих дисциплину «История». Подготовлено на кафедре государственного, муниципального управления и социологии. Гарантированный срок размещения на платформе до 18.04.2030 (автопролонгация) |
| Pubblicazione: |
Казань, Издательство КНИТУ, 2020
|
| Edizione: | Культура современной России |
| Soggetti: | |
| Accesso online: | Перейти к просмотру издания |
| Natura: | MixedMaterials Elettronico |
MARC
| LEADER | 00000 a2200000 4500 | ||
|---|---|---|---|
| 001 | RU/ROS-EDU.RU/120994 | ||
| 856 | 4 | |u https://www.ros-edu.ru/book?id=120994 |z Перейти к просмотру издания | |
| 010 | |a 978-5-7882-2816-7 | ||
| 205 | |a Культура современной России |b 2030-04-18 | ||
| 333 | |a Гарантированный срок размещения на платформе до 18.04.2030 (автопролонгация) | ||
| 100 | |a 20200101d2020 |||y0rusy0250 |s 2030-04-18 | ||
| 105 | |a y z 000zy | ||
| 101 | 0 | |a rus | |
| 102 | |a RU | ||
| 200 | 1 | |a Культура современной России |b Электронный ресурс |e Практикум |f Р. А. Суслова, И. Л. Лавренюк | |
| 700 | 1 | |b Р. А. |a Суслова |4 070 | |
| 701 | 1 | |b И. Л. |a Лавренюк |4 070 | |
| 330 | |a Представлены задания для аудиторной и самостоятельной работы студентов, а также материалы для самостоятельного изучения и анализа. Предназначено для бакалавров всех направлений подготовки, изучающих дисциплину «История». Подготовлено на кафедре государственного, муниципального управления и социологии. | ||
| 210 | |a Казань |c Издательство КНИТУ |d 2020 | ||
| 610 | 1 | |a культура | |
| 610 | 1 | |a история культуры | |
| 610 | 1 | |a русская культура | |
| 675 | |a 008 | ||
| 686 | |a 71.1 |2 rubbk | ||
| 300 | |a Книга находится в премиум-версии платформы «Русский как иностранный». | ||
| 215 | |a 160 с. | ||